Responses for Show #6091 - Monday, February 21, 2011

2011 Teen Tournament quarterfinal game 3.

Contestants

[<< previous game]

Andrew Van Duyn, a junior from Wheaton, Illinois

Raya Elias-Pushett, a junior from Aventura, Florida

Nikhil Desai, a junior from Fremont, California

[next game >>]

Jeopardy! Round responses

STATES' FIRST NEWSPAPERS
MOVIE TITLE FILL-IN
MUSICAL INSTRUMENTS
COMMON BONDS
EXTREME ANIMALS
IT BEGINS WITH "ME"
    $200 21
Tennessee

Raya
    $200 20
Worms

Raya
    $200 1
the bass guitar

Andrew
    $200 6
dance moves

Raya
    $200 11
a seal

Nikhil
    $200 24
a medium

Andrew
    $400 22
Iowa

Nikhil
    $400 16
Dawn Treader

Nikhil
    $400 2
the oboe

Nikhil
    $400 7
codes

Nikhil
    $400 12
the parrot

Andrew
    $400 27
meteors

Raya
    $600 23
Colorado

Raya
    $600 17
Owls

Nikhil
    $600 3
the ukulele

Nikhil
    $600 8
clocks

Nikhil
    $600 13
a spine

Andrew
    $600 28
meter

Raya
    $1,000 25
(Andrew: What is California?)

Alaska

Andrew
    $800 18
(Raya: What is... Pussy Furry? I don't know.)

Kitty Galore

Raya
Triple Stumper
    $800 4
(Andrew: What is the trumpet?)
(Nikhil: What is the flute?)

the saxophone

NikhilAndrew
Triple Stumper
    $800 9
beds

Nikhil
    $800 14
(Alex: I don't--yes, you're right, but I don't understand why that's so amazing. I can sleep 16 hours a day also. Go again.)

the sloth

Nikhil
    $800 29
Lake Mead

Nikhil
    $1000 26
Utah

Raya
    $1000 19
Die

Raya
    $1000 5
(Raya: What's a harpsichord?)

the clavichord

Raya
Triple Stumper
    $1000 10
horses

Raya
    $1000 15
(Raya: [Getting it right, pumping a fist] Yes!)

sea turtles

Raya
    $1000 30
a meet

Raya

Scores at the first commercial break (after clue 15):

Nikhil Raya Andrew
$3,000 $1,200 $400

Scores at the end of the Jeopardy! Round:

Nikhil Raya Andrew
$5,200 $5,400 -$400

Double Jeopardy! Round responses

OLD BOOKS
TV CARTOON BY CHARACTERS
THINGS TO DO IN THE USA
SPANISH VERBS
THE TOTAL NUMBER
THE ABRAHAM LINCOLN PRESIDENTIAL LIBRARY
(Jimmy: ...and Museum. Clues about our beloved 16th president.)
    $400 1
Rome

Nikhil
    $400 3
South Park

Andrew
    $400 8
Hannibal

Nikhil
    $400 26
to sleep

Nikhil
    $400 20
1

Andrew
    $400 13
under God

Raya
    $800 2
the Talmud

Raya
    $800 6
(Andrew: What is Star Wars?)
(Alex: More specific.)

Star Wars: The Clone Wars

Andrew
    $800 9
Oregon

Nikhil
    $800 27
to write

Andrew
    $800 22
300

Andrew
    $800 14
(Stephen) Douglas

Raya
    $1,000 4
Beowulf

Andrew
    $1200 16
Teen Titans

Raya
    $1200 10
(Raya: What is the Chrysler Building?)

the Empire State Building

NikhilRaya
    $1200 28
to change

Nikhil
    $1200 23
7

Andrew
    $4,200 15
the Emancipation Proclamation

Raya
    $1600 5
Mesopotamia

Raya
    $1600 17
(Raya: [Whispering a correction of the pronunciation of her name to Alex after her response is accepted] It's "RY-uh".)

American Dad!

Raya
    $1600 11
North Carolina

Nikhil
    $1600 29
to live

Andrew
    $1600 24
14

Raya
    $1600 19
(Andrew: Who is Todd Lincoln?)

Willie

Andrew
Triple Stumper
    $2000 7
Omar Khayyam

Nikhil
    $2000 18
(Alex: Oh, Raya, you didn't come up with [*]?)
(Raya: I don't watch it.)
(Alex: Oh. All right. [Chuckles] You get to pick again, though.)

Frisky Dingo

Triple Stumper
    $2000 12
Devils Tower

Nikhil
    $2000 30
to think

Nikhil
    $2000 25
(Andrew: What is 164?)

168

NikhilAndrew
    $2000 21
Our American Cousin

Triple Stumper

Scores at the end of the Double Jeopardy! Round:

Nikhil Raya Andrew
$19,200 $16,400 $3,000

Final Jeopardy! Round responses

GREEK MYTHOLOGY
AndrewWho is Poseidon?
$3,000
RayaWho is Poseidon?
$6,130
NikhilWho is Poseidon?
$13,601
Poseidon

Final scores:

Nikhil Raya Andrew
$32,801 $22,530 $6,000
Automatic semifinalist 2nd place: $5,000 if eliminated 3rd place: $5,000 if eliminated

Game dynamics:

Coryat scores:

Nikhil Raya Andrew
$19,200 $13,400 $4,200
22 R,
1 W
19 R
(including 1 DD),
3 W
12 R
(including 1 DD),
4 W
(including 1 DD)

Combined Coryat: $36,800

[game clues] [game scores] [suggest correction]

Game tape date: 2010-12-06
The J! Archive is created by fans, for fans. Scraping, republication, monetization, and malicious use prohibited; this site may use cookies and collect identifying information. See terms. The Jeopardy! game show and all elements thereof, including but not limited to copyright and trademark thereto, are the property of Jeopardy Productions, Inc. and are protected under law. This website is not affiliated with, sponsored by, or operated by Jeopardy Productions, Inc. Join the discussion at JBoard.tv.